000 00351nam a2200145Ia 4500
005 20251222144656.0
008 251222s9999||||xx |||||||||||||| ||spa||
020 _a9789871171873
082 _a700/N55
100 _aNifantani, Marco
245 0 _aLos Lugares del Otro:
250 _a1ra.ed.
264 _bUniversidad Nacional del Sur
942 _cLIB
999 _c17260
_d17260